00933nam a2200229 a 450000100100000000500170001000800410002702000150006804000250008310000220010824500360013024600380016626000720020430000170027649000350029350000320032871000600036083000440042095201080046495201140057299900170068600004154620201002035631.0131009s1995 sp 000 0 spa d a8400075366 aDO-SdBNPbspacBNPHU1 aIbn Wafid,96828310aKitâb al-adwiya al-mufrada =.13aLibro de los medicamentos simples aMadrid :bConsejo Superior de Investigaciones Científicas,c1995. av. ;c24 cm.1 aFuentes arábico-hispanasv11 aLa biblioteca posee el v. 12 aConsejo Superior de Investigaciones Científicas94786 0aFuentes arábico-hispanas ;v11965581 001050718MOaGRbGRcCTd2013-10-09iLF1l0ov. 1p41546-10r2020-06-25w2020-06-25y1ZNo se presta 001050718MOaGRbGRcCTd2013-10-09iLF1l0ov. 1, e. 2p41546-20r2020-06-25w2020-06-25y1ZNo se presta c41036d41036